Bilecik Bilecik Bilecik Bilecik Bilecik

Makaleler/ (Record no. 28366)

MARC details
000 -BAŞLIK
Sabit Uzunluktaki Kontrol Alanı 01407nam a22003377a 4500
008 - SABİT UZUNLUKTAKİ VERİ ÖGELERİ - GENEL BİLGİ
Sabit Alan 110314b1995 tu |||gr||||#||||0|tur |
040 ## - KATALOGLAMA KAYNAĞI
Özgün Kataloglama Kurumu TR-BiSEU
Kataloglama Dili tur
Çeviri Kurumu TR-BiSEU
Açıklama Kuralları rda
001 - KONTROL NUMARASI
Control Dosyası 0028443
003 - KONTROL NUMARASI KİMLİĞİ
Kontrol Alanı KOHA_MİRAKIL
005 - EN SON İŞLEM TARİHİ ve ZAMANI
Kontrol Alanı 20260207002629.0
007 - FİZİKSEL TANIM SABİT ALAN - GENEL BİLGİ
Sabit uzunluklu kontrol alanı ta
020 ## - ISBN - ULUSLARARASI STANDART KİTAP NUMARASI
Isbn 9755740473
Nitelik bilgileri (c. 1)
041 0# - DİL KODU
Metin ya da ses kaydının dil kodu tur
044 ## - YAYINLAYAN/ÜRETEN KURULUŞUN ÜLKE KODU
ISO country code tu
050 ## - SINIFLAMA ve YER NUMARASI
Sınıflama Numarası B741
Yer Numarası .N37 1995
100 1# - KİŞİ ADI
Yazar Adı (Kişi adı) Nasr, Seyyed Hossein..
245 1# - ESER ADI BİLDİRİMİ
Başlık Makaleler/
Sorumluluk Bildirimi Seyyed Hossein. Nasr ; Seyyid Hüseyin Nasr; Türkçesi Şahabettin Yalçın.
264 #1 - ÜRERİM, YAYIN, DAĞITIM ve TELİF BİLDİRİMİ
Yayın yeri İstanbul :
Yayınlayan İnsan Yayınları
Yayın tarihi 1995
300 ## - FİZİKSEL TANIMLAMA
Sayfa, Cilt vb. c. ;
Boyutları 20 cm.
336 ## - İÇERİK TÜRÜ
Content type term metin
Content type code txt
Source rdacontent
337 ## - MEDYA TÜRÜ
Media type term aracısız
Media type code n
Source rdamedia
338 ## - TAŞIYICI TÜRÜ
Carrier type term cilt
Carrier type code nc
Source rdacarrier
490 1# - DİZİ BİLDİRİMİ
Dizi Bildirimi İnsan Yayınları ;
Cilt Numarası 124.
490 1# - DİZİ BİLDİRİMİ
Dizi Bildirimi Düşünce dizisi ;
Cilt Numarası 29.
500 ## - GENEL NOT
Genel Not c. 1. Çok-dinli bir dünyada yaşamak--Ekolojik kriz :Hinduizm ve İslam'ın çevreye bakışı--Geleceğin aileleri :insan ve tabiatın uyumu--İslam ve modern düşünce üzerine--İslami eğitimde şifahi gelenek ve kitap--İslam bilimi ve batılı bilim :Ortak miras, farklı hedefler--İnsan ve medeniyetin geleceği üzerine düşünceler--İran ve diri kültürü--Kitap tanıtım yazıları.
650 #0 - KONU BAŞLIĞI EK GİRİŞ - KONU TERİMİ
Konusal terim veya coğrafi ad İslami felsefesi.
9 (RLIN) 56303
650 #0 - KONU BAŞLIĞI EK GİRİŞ - KONU TERİMİ
Konusal terim veya coğrafi ad Islamic philosophy.
9 (RLIN) 23248
830 1# - SERİ EK GİRİŞİ - TEKBİÇİM ESER ADI
Tekbiçim Başlık İnsan Yayınları ;
Volume number/sequential designation 124.
9 (RLIN) 3280
830 1# - SERİ EK GİRİŞİ - TEKBİÇİM ESER ADI
Tekbiçim Başlık Düşünce dizisi ;
Volume number/sequential designation 29.
9 (RLIN) 6264
942 ## - EK GİRİŞ ÖGELERİ (KOHA)
Source of classification or shelving scheme Library of Congress Classification
Koha item type Book
Holdings
Materyal Türü Kalıcı Konum Mevcut Konum Raf Yeri Sınıflandırma Kaynağı Edinim Bilgisi Ana Konular Alt Konular Yer Numarası Cilt Bilgisi Demirbaş Numarası Fatura Tarihi Maliyet, Alış Fiyatı Maliyet, Yenileme Fiyatı Geri Çekilme Durumu Kayıp Durumu Hasarlı Durumu Kredi için değil Kayıt Tarih Toplam Ödünçverme Son Görülme Tarihi Son Kontrol Tarihi Genel / Bağış Notu
Book Prof. Dr. Azmi Özcan Kütüphanesi Prof. Dr. Azmi Özcan Kütüphanesi Uluğbey Salonu Library of Congress Classification Bağış FELSEFE, PSİKOLOJİ, DİN Felsefe (Genel) B741 .N37 1995 c.1 0028443 02/02/2026 5.00 5.00         14/03/2011 3 05/12/2024 05/12/2024 M.Şakir Dalka